000
00246nam a2200097Ia 4500
008
230508s1999 xx 000 0 und d
041
_a
eng
100
_a
DHOGAL & DHOGAL
245
_a
BASIC PRACTICALS IN ELECTRICAL ENGG.
260
_b
STANDERD
_c
1999
999
_c
323742
_d
323742